[Event "Rovno"]
[Site "Rovno"]
[Date "2000.??.??"]
[Round "5"]
[White "Gutman, Gennadi"]
[Black "Kushch, Nikolai"]
[Result "1-0"]
[WhiteElo "2499"]
[BlackElo "2400"]
[Annotator "Wells,P"]
[PlyCount "71"]
[EventDate "2000.01.20"]
[EventType "tourn"]
[EventRounds "15"]
[EventCountry "UKR"]
[EventCategory "8"]
[SourceTitle "CBM 076"]
[Source "ChessBase"]
[SourceDate "2000.05.31"]
[SourceVersion "1"]
[SourceVersionDate "2000.05.31"]
[SourceQuality "1"]

1. d4 Nf6 2. c4 e6 3. Nc3 Bb4 4. g3 c5 5. Nf3 cxd4 6. Nxd4 O-O 7. Bg2 d5 8. Qb3
{Before the recent trend for 8 cxd5 Nxd5 and only then 9 Qb3, the text was
quite popular. The game can take on an interesting blend of hypermodern and
classical ideas. White affords his opponent the opportunity to build a strong
pawn centre, but puts his faith in the bishop pair as a weapon to chip away at
it.} Bxc3+ 9. Qxc3 $5 {This had a vogue in the late 1980s/ early 1990s when
the alternative, as a result of games such as Kasparov-Suba looked in trouble.
I still believe it to be the best try, although I suspect that the entire 8
Qb3 system should in principle be OK for black.} (9. bxc3 Nc6 $5 {in my view
the most reliable. After both 9...dxc4 and 9...e5 white gets the sort of
activity he seeks, even if often at the expense of a pawn.} (9... dxc4 10. Qa3
$1 {[%cal Ya3f8,Yg2b7]} (10. Qxc4 e5 11. Nb5 a6 12. Nc7 Ra7 {[%cal Gb7b5]} 13.
Nd5 Nxd5 $11) 10... Nbd7 11. O-O Nb6 $5 {might be worth another look too.}) (
9... e5 10. Nb5 dxc4 11. Qa3 Bh3 $5 {was the latest defensive wrinkle, but by
means of a counter-tactic} 12. Bxh3 Qd5 13. O-O Qxb5 14. Rb1 $1 Qc6 (14... Qxb1
15. Qxf8+ Kxf8 16. Ba3+ {when black can do no better than minimise his
disadvantage with} Qb4 $1 17. Bxb4+ Ke8 18. Bc8 a5 $14) 15. Rd1 Nbd7 16. Be3 {
Shchukin,D - Aseev,K/St.Petersburg (ch) 1998, CBM 65 1-0 (31) Tisdall. White
has typical compensation based on the bishop pair and open lines.}) 10. cxd5
Na5 $1 {This is the point - black exploits the weak c4 point with admirable
directness.} 11. Qc2 Nxd5 {[%csl Rc4][%cal Ga5c4]} 12. Qd3 (12. Ba3 Re8 13. Qd3
Bd7 14. Nf5 $5 exf5 15. Bxd5 Bc6 16. Rd1 Bxd5 17. Qxd5 Qc7 (17... Qxd5 $5 18.
Rxd5 Nc4 {must be fine for black.}) 18. Bb4 Nc4 19. Qxf5 Rad8 20. O-O a5 21.
Bc5 Nd2 22. Rfe1 g6 23. Qc2 Qxc5 24. Rxd2 Rc8 25. Rb1 Re7 {1/2-1/2 Ftacnik,
L-Palkovi,J/BL9596 1996/BL 90 (34) and black had to struggle a bit but
eventually held.}) (12. O-O Qc7 13. e4 Nb6 14. Ba3 Rd8 15. Nb5 Qc6 16. Rfc1 Bd7
17. Nd6 Qa4 18. Qxa4 Bxa4 19. Rab1 Nac4 20. Nxc4 Nxc4 21. Bc5 Rdc8 22. Rb4 Rxc5
23. Rxa4 a5 $1 {[%csl Ra4]} 24. e5 Rb8 25. Rb1 b5 26. Bf1 Rbc8 $17 {0-1
Gormally,D-Parker,J/Hastings 1995/CBM 48 ext (40)}) (12. c4 $4 Nb4 $19 {
[%cal Gd8d4,Gb4c2] is of course the tactical point backing up this fine
positional stuff.}) 12... Qc7 $1 {[%csl Rc4]} 13. O-O Bd7 14. e4 Nb6 15. f4 e5
16. fxe5 Nac4 17. g4 Nxe5 18. Qg3 Nbc4 19. Bf4 Qc5 20. Rae1 Rad8 $15 {1/2-1/2
Kasparov,G-Suba,M/Dubai 1986 (63)}) 9... e5 10. Nb3 Nc6 ({If black wants to
prioritise the blunting of whites's potentially powerful bishop on g2, there
is an attractive simplicity about Tiviakov's approach viz:} 10... dxc4 $5 11.
Qxc4 (11. Na5 $5 {might be a more critical test, eg.} Nd5 12. Qd2 (12. Qxc4 $6
Qxa5+ 13. Bd2 Nb6 14. Qxc8 Qxd2+ 15. Kxd2 Rxc8 16. Bxb7 Nc6 $15 {Wells}) 12...
Nc6 13. Nxc4 Be6 14. O-O b5 $5 {I am not sure whether this potential weakening
is fully justified, or an example of the psychological imperative to be active
at all costs when enjoying a dynamic advantage ( development ) against a
static one ( the bishop pair ).} (14... Nf4 $5 15. gxf4 Bxc4 16. fxe5 Qxd2 17.
Bxd2 Nxe5 18. Rfe1 {Might fall under the same suspicion.}) (14... Nb6 $5) 15.
Na3 a6 16. Nc2 Rc8 17. e4 Nb6 18. b3 $14 {o. Thorsteins,K-Browne,W/Reykjavik 
(open) 1990/Inf 49/.}) 11... Be6 12. Qh4 {[%cal Yg2b7]} Bd5 $1 {[%cal Gd5g2]}
13. Bxd5 Qxd5 14. O-O Nbd7 $1 {[%cal Gd7f6]} (14... Nc6 $6 15. Bg5 Ne4 16. Rfd1
{[%csl Re4]} Nd4 17. Nxd4 exd4 18. Be3 $16) 15. Bg5 Qb5 16. Rfe1 a5 {[%csl Rb3]
} 17. Nd2 Qxb2 18. Nc4 Qc2 19. Bxf6 Nxf6 20. Nxe5 b5 21. Ng4 Nxg4 22. Qxg4 b4
$15 {[%csl Ya5,Yb4][%cal Yb4b3,Ya5a4] 0-1 Parker,J-Tiviakov,S/Port Erin 1999/
CBM 74 (39)}) (10... d4 {is also possible immediately, accepting that the
g2-a8 diagonal will have to be opened anyway, and that the role of the b8
knight is not yet so clear. The drawback is that white has the active move} 11.
Qa5 $1 {at his disposal.} Qe8 $1 {A favourite of the talented Rumanian GM
Mihail Suba who during some years in England produced many fine games, and a
great book 'Dynamic Chess Strategy'. The move is probably better than} (11...
Qe7 12. O-O (12. Qc5 Re8 $6 (12... Qe6 $5) 13. O-O Na6 14. Qxe7 Rxe7 15. f4 {
These endgames tend to favour white. The g2 bishop is vastly superior to its
opposite number, and black's centre is ripe to be undermined.} Ng4 16. h3 Ne3
17. Bxe3 dxe3 18. Rad1 Bf5 19. fxe5 Bc2 20. Rd6 Bxb3 21. axb3 Rf8 22. Bd5 Nb4
23. e6 Nxd5 24. exf7+ Rexf7 25. Rxf7 Kxf7 26. Rxd5 g6 27. Rd3 b5 28. Rxe3 Rc8
29. Rc3 $16 {1-0 Ward,C-Yu,S/Beijing 1993 (35)}) 12... Nc6 13. Qc5 Qe6 (13...
Qxc5 14. Nxc5 $14 {[%cal Yg2b7]}) (13... Qc7 $5 14. f4 Nd7 15. Qa3 a5 $1 $13 {
Dzhandzhava.}) 14. f4 Nd7 15. Qd5 Nb6 16. Qxe6 Bxe6 17. fxe5 (17. c5 $5) 17...
Nxc4 18. Nc5 {[%cal Gc5e6,Gc5b7,Yg2b7] The typical aggressive minor piece
formation for this variation.} Bg4 19. Nxb7 N4xe5 20. Rf2 Rab8 21. Bf4 Rxb7 22.
Bxe5 Rb5 23. Bd6 Rc8 24. Rc1 Nd8 25. Rxc8 Bxc8 26. b3 $14 {1-0 Olafsson,
H-Tisdall,J/Nordic zt 1992/CBM 31 (40) The bishop pair again!!}) 12. Bg5 $5 (
12. O-O Nc6 13. Qc7 $5 (13. Qa4 h6 {A hint that white should already have gone
for Bg5!? )} 14. Nc5 a5 15. a3 e4 16. b4 Qe7 17. Nb3 Rd8 18. Bb2 e3 $1 19. f4
Bh3 $3 {[%csl Ra4][%cal Gd8a8,Ga8d8] A glorious idea, connecting the rooks,
embarrassing white's queen and resolving the queenside tension such that black
will gain a big passed pawn on a3.} 20. Bxh3 axb4 21. Qb5 bxa3 22. Bc1 Ne4 {
[%cal Ge4c3]} 23. Bg4 d3 24. exd3 Rxd3 25. c5 Nf2 26. Rxf2 (26. Bf5 Rd5 27. Bb1
a2 28. Rxa2 Rxa2 29. Bxa2 Qe4 {-Wells/Fritz.}) 26... exf2+ 27. Kxf2 Qe4 28. Ra2
Qd5 29. Rd2 Rxd2+ (29... Rxb3 $5) 30. Bxd2 a2 31. Bf3 Qxf3+ 32. Kxf3 a1=Q 33.
Qxb7 Qh1+ 34. Ke3 Rb8 {0-1 Ward,C-Suba,M/Great Britain (ch) 1990/Inf 50 (34)
As I recall, this game beat me to the best game prize at the event. No
complaints there!}) 13... Qe6 14. Nc5 Qxc4 15. Nxb7 Bxb7 16. Qxb7 e4 17. Bf4
Qe6 18. Rac1 Ne7 19. f3 e3 20. Rfd1 $13 {1/2-1/2 Kumaran,D-Almasi,Z/Parana
1991 (20)}) (12. f4 $5 {-Orlov.}) 12... Nc6 13. Qc7 {I think I was to the
first to play this. White hopes ( with some good reason ) that the disruption
to black's development will outweigh any potential problems extricating the
queen.} Qe6 (13... Qd7 $1 14. Qxd7 Nxd7 {[%csl Rg5][%cal Gd7c5,Ga7a5,Ga5a4]}
15. Rc1 a5 $1 16. O-O a4 17. Na1 h6 18. Bd2 Nf6 19. Nc2 Bg4 20. Rfe1 e4 21. f3
Bf5 22. fxe4 Bxe4 $11 {0-1 Kamsky,G-Christiansen,L/USA ch 1993 (95) It seems
to me that this game sets the standard for black defence in this line. The
exchange of queens at a moment when black can both prevent white's knight
entering c5, and then use the a-pawn to force it back further is very
instructive. Note that after ...Nxd7 the bishop on g5 lacks a clear role too.})
14. Bxf6 gxf6 15. Rc1 Nb4 16. Qa5 Na6 17. c5 Nb8 18. O-O Nc6 19. Qc7 {Back
again!} a5 20. f4 Qd7 21. Qd6 Qxd6 22. cxd6 Rd8 23. fxe5 fxe5 24. Bxc6 bxc6 25.
Rxc6 Be6 26. Nc5 Bd5 27. Rb6 $14 {1-0 Wells,P-Suba,M/Hastings 1991/CBM 26 ext 
(41)}) 11. Bg5 $1 ({Whilst it might appear logical to break up black's centre
and open the game for the bishop pair with} 11. cxd5 Nxd5 12. Qd2 {experience
has shown that after} Ndb4 {black is too active to have real difficulties, eg.}
13. O-O Qb6 $5 14. Qc3 Nd4 15. Nxd4 exd4 16. Qd2 $6 (16. Qf3 $11) 16... Bf5 17.
Qf4 Bg6 {The position looks like a very comfortable indeed Semi-Tarrasch for
black.} 18. Bd2 Nc2 19. Rab1 Qa6 20. Bf3 Qxa2 21. h4 h6 22. h5 Bh7 23. Bxb7
Rab8 24. Qf3 Ne3 $1 $17 {1/2-1/2 Beliavsky,A-Portisch,L/Reykjavik 1991/Inf 52 
(57)}) 11... d4 12. Qf3 Qe7 ({Looks weaker than} 12... a5 13. Nd2 h6 (13... Bg4
14. Qxg4 $1 Nxg4 15. Bxd8 Rfxd8 16. h3 Nf6 17. Ne4 Nxe4 18. Bxe4 Ne7 19. g4 $1
{[%csl Gf5]} Rac8 20. b3 Rc7 21. h4 $1 g6 (21... f6 $5 22. h5 $14) 22. g5 h6
23. Kd2 Kg7 24. Kd3 Rd6 25. a3 f5 26. gxf6+ Rxf6 27. f3 Nf5 28. Bxf5 $1 $14 {
The exchange of a good piece, the securing of which has taken much effort, for
another good piece is never an easy decision. White's play throughout this
game has an effortless ease about it which shows profound understanding.} gxf5
29. b4 Kf7 30. Rhg1 b5 $2 (30... Rfc6 $1) 31. cxb5 Rc3+ 32. Kd2 Rb6 33. a4 $1
axb4 34. Rab1 e4 35. fxe4 fxe4 36. Rxb4 e3+ 37. Kd1 Ra3 $2 38. Kc2 Ra2+ 39. Kd3
Rd2+ 40. Kc4 Rb8 (40... Rxe2 41. Kxd4 $18) 41. Re1 Ke6 42. b6 Kd6 43. Kb5 Re8
44. a5 Re5+ 45. Ka6 Ra2 46. Rb5 Rxb5 47. Kxb5 Rb2+ 48. Ka6 {1-0 Kumaran,D-Emms,
J/BCF-ch 1993/CBM 38/[Bulletin] (48) Gata Kamsky is not the only fine talent
lost to medicine!}) 14. Bxf6 Qxf6 15. Qxf6 gxf6 16. Ne4 Kg7 17. Nd6 Rd8 18. c5
{also looks slightly more pleasant for white.} a4 19. Kd2 Rb8 20. b3 axb3 21.
axb3 f5 22. Bxc6 {I am not sure this is necessary, since ...e4 can always be
met with g4 undermining.} bxc6 23. Rhb1 Be6 24. b4 Ra8 25. Ra5 Kf6 26. Kd3 Bd5
27. f4 Ke6 28. fxe5 Kxe5 29. Nc4+ Ke6 30. Rba1 Be4+ 31. Kd2 Rab8 32. Nb6 f4 33.
gxf4 Rg8 34. Ra8 {1/2-1/2 Ward,C-Psakhis,L/Barcelona 1993/CBM 38 (34)}) 13. O-O
Be6 14. Nd2 h6 15. Bxf6 gxf6 $6 (15... Qxf6 16. Qxf6 gxf6 17. f4 {also looks
very pleasant for white, but the same plan from white in the middlegame looks
really worth avoiding.}) 16. Qh5 Kg7 17. f4 $1 f5 18. Nf3 e4 19. Nh4 Qf6 20. g4
Rh8 (20... fxg4 21. Bxe4 $16) 21. gxf5 Bxc4 22. Bxe4 Rhe8 23. Bf3 Rad8 24. Kh1
Bd5 $6 25. Rg1+ Kf8 (25... Kh7 26. Rg2 $16 {[%cal Ya1g1]}) 26. Ng6+ fxg6 27.
Rxg6 Qf7 (27... Bxf3+ 28. exf3 Qh8 29. Rxh6 {is also terminal.}) 28. Qxh6+ Ke7
29. Rg7 $18 Bxf3+ 30. exf3 Qxg7 31. Qxg7+ Kd6 32. b4 a6 33. Rd1 Re7 34. Qg6+
Kc7 35. f6 Red7 36. a4 1-0

[Event "Rovno"]
[Site "Rovno"]
[Date "2000.??.??"]
[Round "8"]
[White "Bets, Anatolij"]
[Black "Gutman, Gennadi"]
[Result "0-1"]
[WhiteElo "2413"]
[BlackElo "2499"]
[PlyCount "60"]
[EventDate "2000.01.20"]
[EventType "tourn"]
[EventRounds "15"]
[EventCountry "UKR"]
[EventCategory "8"]
[SourceTitle "CBM 076"]
[Source "ChessBase"]
[SourceDate "2000.05.31"]
[SourceVersion "1"]
[SourceVersionDate "2000.05.31"]
[SourceQuality "1"]

1. d4 Nf6 2. Nf3 g6 3. c4 Bg7 4. Nc3 O-O 5. Bg5 d6 6. Qc2 h6 7. Bh4 Nc6 8. e3
e5 9. Be2 exd4 10. exd4 Bf5 11. Qb3 g5 12. d5 Na5 13. Qa4 c5 14. Bg3 Re8 15.
O-O a6 16. Rfe1 Ne4 17. Rac1 Nxc3 18. bxc3 b6 19. Nd2 Ra7 20. Bd3 Rxe1+ 21.
Rxe1 b5 22. Qc2 Bxd3 23. Qxd3 Re7 24. Rxe7 Qxe7 25. cxb5 axb5 26. h3 c4 27. Qe4
Kf8 28. Qxe7+ Kxe7 29. Ne4 Nb7 30. f3 f5 0-1

[Event "Rovno"]
[Site "Rovno"]
[Date "2000.??.??"]
[Round "15"]
[White "Krivoshey, Sergei"]
[Black "Gutman, Gennadi"]
[Result "0-1"]
[WhiteElo "2434"]
[BlackElo "2499"]
[PlyCount "56"]
[EventDate "2000.01.20"]
[EventType "tourn"]
[EventRounds "15"]
[EventCountry "UKR"]
[EventCategory "8"]
[SourceTitle "CBM 076"]
[Source "ChessBase"]
[SourceDate "2000.05.31"]
[SourceVersion "1"]
[SourceVersionDate "2000.05.31"]
[SourceQuality "1"]

1. d4 Nf6 2. c4 g6 3. Nc3 Bg7 4. e4 d6 5. Nf3 O-O 6. Be2 e5 7. O-O exd4 8. Nxd4
Re8 9. f3 Nc6 10. Be3 Nh5 11. Qd2 f5 12. Nxc6 bxc6 13. c5 d5 14. exd5 Bxc3 15.
Qxc3 f4 16. Bc4 Rxe3 17. d6+ Be6 18. Bxe6+ Rxe6 19. Qb3 Qd7 20. Rae1 Rae8 21.
Rxe6 Rxe6 22. Re1 Ng7 23. dxc7 Kf7 24. Re4 Qxc7 25. Qc4 g5 26. h4 h6 27. hxg5
hxg5 28. b4 Qd7 0-1

[Event "Pardubice Czech op"]
[Site "Pardubice"]
[Date "2001.07.21"]
[Round "2"]
[White "Gutman, Gennadi"]
[Black "Petrik, Tomas"]
[Result "1-0"]
[WhiteElo "2519"]
[BlackElo "2335"]
[PlyCount "63"]
[EventDate "2001.07.20"]
[EventType "swiss"]
[EventRounds "9"]
[EventCountry "CZE"]
[SourceTitle "CBM 083 Extra"]
[Source "ChessBase"]
[SourceDate "2001.09.11"]
[SourceVersion "1"]
[SourceVersionDate "2001.09.11"]
[SourceQuality "1"]

1. d4 Nf6 2. Nf3 e6 3. c4 b6 4. Nc3 Bb7 5. a3 d5 6. Bg5 Be7 7. e3 Nbd7 8. cxd5
Nxd5 9. Bxe7 Qxe7 10. Bd3 c5 11. Nxd5 Bxd5 12. dxc5 Nxc5 13. Bb5+ Kf8 14. b4
Ne4 15. Rc1 f6 16. Bc6 Rd8 17. Bxd5 Rxd5 18. Qc2 f5 19. Qb2 Kg8 20. Ne5 Qf6 21.
Rc8+ Rd8 22. Rxd8+ Qxd8 23. O-O h5 24. Rc1 Rh6 25. f3 Nf6 26. Qd4 Qxd4 27. exd4
Nd5 28. Rc8+ Kh7 29. Nf7 Rf6 30. Rh8+ Kg6 31. Ne5+ Kg5 32. g3 1-0

[Event "Pardubice Czech op"]
[Site "Pardubice"]
[Date "2001.07.24"]
[Round "5"]
[White "Petran, Peter"]
[Black "Gutman, Gennadi"]
[Result "0-1"]
[WhiteElo "2364"]
[BlackElo "2519"]
[PlyCount "54"]
[EventDate "2001.07.20"]
[EventType "swiss"]
[EventRounds "9"]
[EventCountry "CZE"]
[SourceTitle "CBM 083 Extra"]
[Source "ChessBase"]
[SourceDate "2001.09.11"]
[SourceVersion "1"]
[SourceVersionDate "2001.09.11"]
[SourceQuality "1"]

1. g3 Nf6 2. Bg2 g6 3. e4 d6 4. d4 Bg7 5. Ne2 O-O 6. O-O e5 7. Nbc3 Nc6 8. d5
Ne7 9. f4 exf4 10. gxf4 c6 11. dxc6 bxc6 12. Kh1 d5 13. exd5 Nexd5 14. Nxd5
Nxd5 15. Nd4 Bb7 16. f5 Qb6 17. Bxd5 cxd5 18. c3 Rae8 19. f6 Bxf6 20. Bh6 Bg7
21. Qd2 Bxh6 22. Qxh6 Qxb2 23. Rac1 Re5 24. Rc2 Qb6 25. Rg2 Ba6 26. Rg4 Bxf1
27. Rh4 Rh5 0-1

[Event "Pardubice Czech op"]
[Site "Pardubice"]
[Date "2002.07.20"]
[Round "2"]
[White "Gutman, Gennadi"]
[Black "Pinter, Erik"]
[Result "1-0"]
[WhiteElo "2518"]
[BlackElo "2357"]
[PlyCount "69"]
[EventDate "2002.07.19"]
[EventType "swiss"]
[EventRounds "9"]
[EventCountry "CZE"]
[SourceTitle "CBM 089 Extra"]
[Source "ChessBase"]
[SourceDate "2002.09.10"]
[SourceVersion "2"]
[SourceVersionDate "2002.09.10"]
[SourceQuality "1"]

1. d4 Nf6 2. c4 g6 3. Nc3 d5 4. Nf3 Bg7 5. Qb3 dxc4 6. Qxc4 O-O 7. e4 Bg4 8.
Be3 Nfd7 9. Rd1 Nb6 10. Qb3 Nc6 11. d5 Ne5 12. Be2 Nxf3+ 13. gxf3 Bh5 14. h4
Qc8 15. a4 c5 16. f4 Bxe2 17. Nxe2 Qd7 18. Ra1 c4 19. Qc2 f5 20. a5 Nc8 21. h5
fxe4 22. hxg6 hxg6 23. Qxe4 Qf5 24. Qxc4 Nd6 25. Qb3 Rac8 26. Rg1 Rc4 27. Rg5
Qf6 28. Rd1 Rfc8 29. Bd4 Qf7 30. Qd3 Nf5 31. Be5 Nh4 32. Kf1 Nf5 33. Ng3 Bxe5
34. Nxf5 Bg7 35. Rxg6 1-0

[Event "Pardubice Czech op"]
[Site "Pardubice"]
[Date "2002.07.25"]
[Round "7"]
[White "Manik, Mikulas"]
[Black "Gutman, Gennadi"]
[Result "0-1"]
[WhiteElo "2410"]
[BlackElo "2518"]
[PlyCount "48"]
[EventDate "2002.07.19"]
[EventType "swiss"]
[EventRounds "9"]
[EventCountry "CZE"]
[SourceTitle "CBM 089 Extra"]
[Source "ChessBase"]
[SourceDate "2002.09.10"]
[SourceVersion "2"]
[SourceVersionDate "2002.09.10"]
[SourceQuality "1"]

1. e4 c5 2. Nf3 d6 3. c3 Nf6 4. Bd3 Bg4 5. Bc2 Nc6 6. d3 e6 7. Nbd2 Be7 8. h3
Bh5 9. Qe2 d5 10. Nf1 O-O 11. g4 Bg6 12. Ng3 b5 13. O-O Qc7 14. Nh4 c4 15. Nxg6
hxg6 16. dxc4 dxc4 17. f4 Nd7 18. e5 Nc5 19. g5 Rad8 20. h4 Nd3 21. b4 Qd7 22.
h5 Bxb4 23. Bd2 Bc5+ 24. Kh2 Ndxe5 0-1

[Event "Czechia op"]
[Site "Czech Republic"]
[Date "2003.??.??"]
[Round "2.1"]
[White "Cernousek, Lukas"]
[Black "Gutman, Gennadi"]
[Result "0-1"]
[WhiteElo "2310"]
[BlackElo "2513"]
[PlyCount "92"]
[EventDate "2003.??.??"]
[EventType "swiss"]
[EventRounds "4"]
[EventCountry "CZE"]
[SourceTitle "EXT 2005"]
[Source "ChessBase"]
[SourceDate "2004.11.15"]
[SourceVersion "1"]
[SourceVersionDate "2004.11.15"]
[SourceQuality "1"]

1. e4 c5 2. Nf3 d6 3. d4 cxd4 4. Nxd4 Nf6 5. Nc3 Nc6 6. Bc4 e5 7. Nde2 Be6 8.
Bb3 h6 9. h3 Be7 10. Be3 O-O 11. g4 Bxb3 12. axb3 Nb4 13. Nd5 Nfxd5 14. exd5
Bg5 15. Bxg5 Qxg5 16. c3 Na6 17. Ng3 e4 18. b4 Rae8 19. Nf5 e3 20. Nxe3 f5 21.
gxf5 Rxf5 22. Qg4 Qf6 23. Qe2 Qh4 24. O-O-O Rf7 25. Qg4 Qxg4 26. Nxg4 Rf3 27.
Rde1 Rxe1+ 28. Rxe1 Kf7 29. Re6 h5 30. Ne3 Nc7 31. Re4 Rxh3 32. c4 Rf3 33. c5
Rf6 34. Nc4 Nb5 35. Na5 b6 36. Nc6 dxc5 37. bxc5 bxc5 38. Nd8+ Kg6 39. Ne6 Kf5
40. Nxc5 g5 41. Rb4 Nd6 42. Ra4 g4 43. Rxa7 g3 44. Kc2 g2 45. Ra1 Rg6 46. Rg1
h4 0-1

[Event "Pardubice opB"]
[Site "Pardubice"]
[Date "2004.??.??"]
[Round "3"]
[White "Gutman, Gennadi"]
[Black "Sabol, Marian"]
[Result "1-0"]
[WhiteElo "2509"]
[BlackElo "2365"]
[PlyCount "107"]
[EventDate "2004.07.??"]
[EventType "swiss"]
[EventRounds "7"]
[EventCountry "CZE"]
[SourceTitle "EXT 2005"]
[Source "ChessBase"]
[SourceDate "2004.11.15"]
[SourceVersion "1"]
[SourceVersionDate "2004.11.15"]
[SourceQuality "1"]

1. d4 c5 2. d5 e5 3. e4 d6 4. Nc3 Be7 5. Nf3 h6 6. Nd2 Nf6 7. Be2 O-O 8. O-O
Nh7 9. Nc4 Nd7 10. a4 Rb8 11. a5 g5 12. Bg4 Ndf6 13. Bxc8 Qxc8 14. Ne3 Re8 15.
Nf5 Bf8 16. Qe2 Kh8 17. g4 Qd7 18. f3 Ng8 19. Nd1 Ne7 20. Nde3 Ng6 21. Nc4 Nf6
22. h4 Nxh4 23. Nxh4 gxh4 24. Ne3 Ng8 25. Nf5 Be7 26. Kg2 Bg5 27. Rh1 Ne7 28.
Nxh4 Kg7 29. Be3 Rh8 30. Raf1 Rbg8 31. f4 Bxh4 32. Rxh4 Ng6 33. Rh5 exf4 34.
Bxf4 Kf8 35. Bg3 Ne5 36. Bxe5 dxe5 37. Rhf5 Rh7 38. Kh3 h5 39. gxh5 f6 40. Kh2
Qg7 41. Qf2 Ke8 42. Rg1 Qxg1+ 43. Qxg1 Rxg1 44. Kxg1 Kf7 45. Kf2 Rh8 46. Ke3 b5
47. axb6 axb6 48. c4 b5 49. cxb5 Rb8 50. h6 Kg6 51. h7 Rh8 52. Rf3 Rxh7 53. Kd3
Kf7 54. b6 1-0

[Event "Pardubice Skanska op"]
[Site "Pardubice"]
[Date "2004.07.25"]
[Round "3"]
[White "Gutman, Gennadi"]
[Black "Socko, Monika"]
[Result "1-0"]
[WhiteElo "2509"]
[BlackElo "2428"]
[PlyCount "77"]
[EventDate "2004.07.23"]
[EventType "swiss"]
[EventRounds "9"]
[EventCountry "CZE"]
[SourceTitle "CBM 101 Extra"]
[Source "ChessBase"]
[SourceDate "2004.09.01"]
[SourceVersion "2"]
[SourceVersionDate "2004.09.01"]
[SourceQuality "1"]

1. d4 Nf6 2. Nf3 g6 3. c4 Bg7 4. Nc3 d6 5. e4 O-O 6. Be2 e5 7. d5 a5 8. Bg5 h6
9. Bh4 Na6 10. Nd2 Bd7 11. a3 Qe8 12. b3 Nh7 13. O-O h5 14. f3 Bh6 15. Bf2 Kh8
16. Rb1 Nc5 17. Qc2 f5 18. b4 axb4 19. axb4 Na4 20. Nb5 Qe7 21. c5 Rfc8 22.
Rfd1 fxe4 23. Nxe4 Qe8 24. c6 bxc6 25. dxc6 Bxc6 26. Na7 Bxe4 27. fxe4 Rcb8 28.
Qxc7 Ng5 29. Rxd6 Ne6 30. Qc4 Nd4 31. Bxh5 gxh5 32. Bxd4 Bg7 33. Be3 Rb7 34. b5
Qb8 35. Rc6 Rbxa7 36. Bxa7 Qxa7+ 37. b6 Qb7 38. Rc7 Nxb6 39. Qf7 1-0

[Event "Pardubice op-C"]
[Site "Pardubice"]
[Date "2005.07.??"]
[Round "3"]
[White "Gutman, Gennadi"]
[Black "Vacek, Martin"]
[Result "1-0"]
[WhiteElo "2508"]
[BlackElo "2324"]
[PlyCount "84"]
[EventDate "2005.07.??"]
[EventType "swiss"]
[EventRounds "7"]
[EventCountry "CZE"]
[SourceTitle "EXT 2006"]
[Source "ChessBase"]
[SourceDate "2005.11.24"]
[SourceVersion "1"]
[SourceVersionDate "2005.11.24"]
[SourceQuality "1"]

1. d4 Nf6 2. Nf3 e6 3. Bg5 c5 4. e3 h6 5. Bh4 Be7 6. Nbd2 b6 7. Bd3 Bb7 8. O-O
d6 9. c3 Nbd7 10. Qe2 Nh5 11. Bg3 Nxg3 12. hxg3 O-O 13. Rfe1 Re8 14. e4 Bf8 15.
Rad1 a6 16. Bb1 cxd4 17. cxd4 Rc8 18. a3 b5 19. e5 Be7 20. Ne4 Nf8 21. exd6
Bxd6 22. Nc5 Bd5 23. b4 Qb6 24. Ne5 Re7 25. Qh5 Qa7 26. Re3 Qa8 27. Be4 Bxe4
28. Nxe4 Qd5 29. Nc5 f6 30. Ree1 Qa2 31. Ra1 Qd5 32. Rad1 Qa2 33. Ne4 Bb8 34.
Ng6 Ree8 35. Nxf8 Rxf8 36. Nc5 e5 37. Qf5 exd4 38. Rxd4 Rce8 39. Red1 Be5 40.
R4d2 Qc4 41. Nxa6 Ra8 42. Nc5 Rf7 1-0

[Event "Pardubice op-C"]
[Site "Pardubice"]
[Date "2005.07.??"]
[Round "6"]
[White "Gutman, Gennadi"]
[Black "Zvara, Petr"]
[Result "1-0"]
[WhiteElo "2508"]
[BlackElo "2372"]
[PlyCount "87"]
[EventDate "2005.07.??"]
[EventType "swiss"]
[EventRounds "7"]
[EventCountry "CZE"]
[SourceTitle "EXT 2006"]
[Source "ChessBase"]
[SourceDate "2005.11.24"]
[SourceVersion "1"]
[SourceVersionDate "2005.11.24"]
[SourceQuality "1"]

1. d4 Nf6 2. c4 c5 3. d5 e6 4. Nc3 exd5 5. cxd5 d6 6. Nf3 g6 7. e4 a6 8. a4 Bg4
9. Be2 Bxf3 10. Bxf3 Bg7 11. Bf4 O-O 12. O-O Re8 13. Re1 Nfd7 14. Qd2 Ne5 15.
Be2 Bf6 16. Bg3 h5 17. f4 Ng4 18. Bxg4 Bd4+ 19. Bf2 Bxf2+ 20. Qxf2 hxg4 21. Qg3
Nd7 22. Qxg4 c4 23. a5 b5 24. Re3 b4 25. Ne2 Nf6 26. Qf3 Qc8 27. Nd4 Qc5 28.
Rd1 Ra7 29. f5 g5 30. h4 Rae7 31. hxg5 Nxe4 32. Qh5 Nd2 33. Rxd2 Rxe3 34. g6
fxg6 35. Qxg6+ Kf8 36. f6 Qa7 37. Rf2 Qf7 38. Qh6+ Kg8 39. Ne6 Re1+ 40. Kh2 Re5
41. Ng5 Rxg5 42. Qxg5+ Kf8 43. Qh6+ Kg8 44. Rf3 1-0